000 00260nam a2200109Ia 4500
008 220204s9999 xx 000 0 und d
082 _a82-3
_bBAL
100 _aBallantyne, R M
245 4 _aThe Gorilla adventure
260 _aDelhi
_bS Chand
_c1979
942 _cBK
999 _c35534
_d35534